| 000 | 00672nam a2200193 a 4500 | ||
|---|---|---|---|
| 005 | 20210223130542.0 | ||
| 008 | 080723s1986 mx r 000 0 spa d | ||
| 035 | _aUPN01000158023 | ||
| 049 | _aUNE | ||
| 080 | 1 | 4 | _a37 (729.1) CUB. |
| 245 | 0 | 0 |
_aCuba. Organización de la Educación 1983-1985 : _bXL conferencia internacional de educación OIE Ginebra-Suiza 1986. |
| 260 |
_aLa Habana : _bMinisterio, _c1986. |
||
| 300 |
_a188 p. : _bfots. |
||
| 690 | _aOrganización de la educación - Cuba | ||
| 690 | _aDesarrollo de la educación - Cuba | ||
| 690 | _aCuba - Organización de la educación | ||
| 710 | 1 |
_aCuba. _bMinisterio de Educación _928055 |
|
| 905 | _aUNESCO | ||
| 999 |
_c130137 _d130137 |
||